|
|
|
|
| LEADER |
00000nas a2200000 i 4500 |
| 001 |
ssj0001078057 |
| 003 |
WaSeSS |
| 005 |
20200512172242.0 |
| 006 |
m d |
| 007 |
cr n |
| 008 |
140108u20uuuuuumy w| n|s|||||| |0eng d |
| 035 |
|
|
|a (WaSeSS)ssj0001078057
|
| 040 |
|
|
|a WaSeSS
|b eng
|c WaSeSS
|d WaSeSS
|
| 043 |
|
|
|a a-my---
|
| 050 |
1 |
4 |
|a DS599.K8
|
| 130 |
0 |
|
|a Weekend mail (Kuala Lumpur, Malaysia)
|
| 245 |
1 |
0 |
|a Weekend mail
|h [electronic resource].
|
| 260 |
|
|
|a Malaysia :
|b Malay Mail Sdn. Bhd.
|
| 310 |
|
|
|a Weekly
|
| 506 |
|
|
|a License restrictions may limit access.
|
| 588 |
|
|
|a Description based on: February 24, 2007; title from title screen (ProQuest, viewed Jan. 8, 2014).
|
| 588 |
|
|
|a Latest issue consulted: March 29, 2008 (viewed Jan. 8, 2014).
|
| 651 |
|
0 |
|a Kuala Lumpur (Malaysia)
|v Newspapers.
|
| 651 |
|
0 |
|a Malaysia
|v Newspapers.
|
| 655 |
|
0 |
|a Electronic journals.
|
| 856 |
4 |
0 |
|z Full text available from Research Library: 10/19/1997 to 03/29/2008
|u https://search.proquest.com/publication/28765
|